000 00312nam a2200109 4500
999 _c8988
_d8988
008 180322b ||||| |||| 00| 0 eng d
245 _aLegitimize your business and see it grow.
260 _aPhilippines:
_bPhilippine Daily Inquirer,
_cc2017.
300 _apage A5.
650 0 _927058
_aBusiness.
942 _2ddc
_cPER